000 00278nam a2200121 a 4500
005 20140414093835.0
008 110304s19uu xx 00 eng d
050 _aCDR 500
_bAFR 1995
245 _aAfrican safari trophy.
650 _aHunter
942 _cAVM
999 _c108969
_d108969